Technologie et stratégie d'entreprise

محفوظ في:
التفاصيل البيبلوغرافية
المؤلف الرئيسي: Dussauge, Pierre
التنسيق: كتاب
اللغة:Undetermined
منشور في: Auckland McGraw-Hill 1987
الموضوعات:
الوسوم: إضافة وسم
لا توجد وسوم, كن أول من يضع وسما على هذه التسجيلة!
Thư viện lưu trữ: Trung tâm Học liệu Trường Đại học Cần Thơ
LEADER 00479nam a2200169Ia 4500
001 CTU_78477
008 210402s9999 xx 000 0 und d
082 |a 338.4 
082 |b D974 
100 |a Dussauge, Pierre 
245 0 |a Technologie et stratégie d'entreprise 
245 0 |c Pierre Dussauge, Bernard Ramanantsoa 
260 |a Auckland 
260 |b McGraw-Hill 
260 |c 1987 
650 |a Technology transfer 
980 |a Trung tâm Học liệu Trường Đại học Cần Thơ